1931 1641 1595 1248 1956 1854 1368 1826 1090 1389 1454 1636 1688 1083 1026 1680 1804 1464 1570 1431 1169 1028 1639 1975 1128 1585 1440 1334 1674 1484 1835 1657 1485 1038 1833 1581 1755 1539 1463 1122 1879 1174 1929 1447 1925 1303 1094 1399 1080 1636 1908 1915 1827 1055 1969 1881 1887 1166 1562 1418 1543 1247 1681 1217 1085 1675 1069 1655 1043 1185 1890 1860 1120 1591 1638 1169 1730 1819 1064 1172 1890 1142 1437 1855 1509 1493 1105 1173 1378 1908 1773 1198 1495 1915 1053 1708 1934 1902 1649 BCNSPRNW ULIB Ver.6.0+V

เปลี่ยนเป็นภาษาไทย

Change to English
 แสดงรายละเอียดบรรณานุกรม
  กลับหน้าหลัก

Brief Record : Get Marc (ISO 2709) : E-mail record : QR code < ปิดหน้าต่าง
LEADER : 00000nam 2200000uu 4500
001    13399125042
003     ULIB
008    020711s2558 th a 000 0 tha d
020    9786164062160
050    DS589^bว111
110    สมาคมช่างภาพสื่อมวลชนแห่งประเทศไทย
245    วันช่างภาพสื่อมวลชน2558/^cสมาคมช่างภาพสื่อมวลชนแห่งประเทศไทยและมูลนิธิช่างภาพสื่อมวลชน
260    กรุงเทพฯ :^bสมาคมช่างภาพสื่อมวลชนแห่งประเทศไทย,^c2558
300    200 หน้า
650    รวมภาพข่าว^xได้รับรางวัล
710    มูลนิธิช่างภาพสื่อมวลชน
945    ^p0^l0^i23780
รายการนี้ยังไม่มีแท็ก
คุณยังไม่ได้ล็อกอิน คุณสามารถมีกิจกรรมร่วมกับเว็บไซต์ได้ แต่ต้องล็อกอินก่อน ::
  ล็อกอิน

รายการสื่อสารสนเทศ

ลำดับที่ ประเภท เลขเรียก/บาร์โค้ด สถานที่ สถานะ
1. การศึกษาทั่วไป
การศึกษาทั่วไป
DS589 ว111 ฉ.1 
  Barcode: 23780
ห้องสมุดวิทยาเขตนครสวรรค์
►หนังสือทั่วไป:l:General Books
บนชั้น

BibComment


ยังไม่เคยถูกคอมเมนท์

คอมเมนท์ทรัพยากรรายการนี้
  คอมเมนท์: วันช่างภาพสื่อมวล..


 Copyright 2026. Bcnsprnw @Library